[Event "Treino #2"]
[Site "http://www.queenalice.com/game.php?id=860394"]
[Date "2010.11.18"]
[Round "-"]
[White "dayankm"]
[Black "Vinicius92"]
[Result "0-1"]
[WhiteElo "1957"]
[BlackElo "1817"]

1. d4 d6 2. Bg5 g6 3. Nc3 Bg7 4. Nf3 Nf6 5. e3 O-O 6. Be2 b6 7. O-O Bb7 8. d5
Re8 9. e4 c6 10. h3 e6 11. Bc4 b5 12. Bb3 a6 13. a4 b4 14. Ne2 cxd5 15. Qd4 Nc6
16. Qd2 dxe4 17. Ne1 a5 18. f3 Qb6+ 19. Kh1 d5 20. Nf4 e3 21. Qe2 Ba6 22. c4
bxc3 23. bxc3 Bxe2 24. Nxe2 Qxb3 25. Rc1 Qxa4 26. Nd3 Rab8 27. Ra1 Qc2 28. Ndc1
Nh5 29. Bxe3 Be5 30. Ra2 Rb2 31. Ra4 Qxa4 32. g3 Qc4 33. f4 Bd6 34. Rf2 e5 35.
g4 Nf6 36. g5 Ne4 37. h4 Nxf2+ 38. Bxf2 exf4 39. Kg2 Rd2 40. Kf3 Qe4+ 41. Kg4
Qg2+ 42. Bg3 Re4 43. c4 Ne5# 0-1

[Event "Amistoso n° 01"]
[Site "http://www.queenalice.com/game.php?id=863915"]
[Date "2010.11.26"]
[Round "-"]
[White "Lintz"]
[Black "dayankm"]
[Result "0-1"]
[WhiteElo "1738"]
[BlackElo "1867"]

1. e4 Nf6 2. Nc3 Nc6 3. d4 e5 4. d5 Nd4 5. Be3 c5 6. dxc6 Nxc6 7. Nf3 Ng4 8. Qd2
Nxe3 9. Qxe3 Be7 10. Bc4 O-O 11. a3 b6 12. Nd5 Bd6 13. O-O Na5 14. Ba2 Ba6 15.
Rfd1 Bc5 16. Qg5 Be2 17. Re1 Bxf3 18. gxf3 Qxg5+ 0-1

[Event "Amistoso n° 02"]
[Site "http://www.queenalice.com/game.php?id=863916"]
[Date "2010.11.26"]
[Round "-"]
[White "dayankm"]
[Black "Lintz"]
[Result "1-0"]
[WhiteElo "1807"]
[BlackElo "1738"]

1. d4 d5 2. Nf3 Nf6 3. Nc3 g6 4. e3 Bg7 5. Ne5 O-O 6. Bd3 c6 7. O-O Nfd7 8. Nf3
e5 9. Be2 e4 10. Nd2 Nb6 11. b3 f5 12. Ba3 Re8 13. g3 N8d7 14. Rb1 a5 15. f4 Nf8
16. Rc1 Nbd7 17. Ncb1 b5 18. c4 b4 19. Bb2 Kh8 20. a3 Bb7 21. g4 fxg4 22. Bxg4
dxc4 23. Nxc4 Nf6 24. Ne5 Nxg4 25. Nf7+ 1-0

[Event "PLAY 5 AMST"]
[Site "http://www.queenalice.com/game.php?id=864145"]
[Date "2010.11.26"]
[Round "-"]
[White "brigs"]
[Black "dayankm"]
[Result "1-0"]
[WhiteElo "1881"]
[BlackElo "1797"]

1. e4 d6 2. d4 Nf6 3. Nc3 Bd7 4. f4 g6 5. Nf3 b6 6. e5 Ng4 7. h3 Nh6 8. g4 Nc6
9. Be3 Bg7 10. Qd2 Nb4 11. a3 Nc6 12. O-O-O dxe5 13. dxe5 e6 14. Be2 Nb8 15. Ng5
a5 16. h4 c5 17. Nce4 O-O 18. Nf6+ Bxf6 19. exf6 Qxf6 20. Nxh7 Kxh7 21. g5 Qg7
22. gxh6 Qxh6 23. f5 Qg7 24. fxg6+ fxg6 25. h5 Rc8 26. hxg6+ Kg8 27. Rh7 Qf6 28.
Rg1 Ba4 29. Rf7 Qh8 30. Bf3 Nc6 31. Qd6 Qh3 32. Rh1 Qg3 33. Qxg3 Rd8 34. Rh8+
Kxh8 35. Qh3+ Kg8 36. Qh7# 1-0

[Event "PLAY 5 AMST 2º"]
[Site "http://www.queenalice.com/game.php?id=864435"]
[Date "2010.11.27"]
[Round "-"]
[White "dayankm"]
[Black "brigs"]
[Result "0-1"]
[WhiteElo "1862"]
[BlackElo "1500"]

1. d4 d5 2. Nf3 Nf6 3. Nc3 Nbd7 4. Bg5 h6 5. Bf4 g5 6. Bg3 Ne4 7. Nxd5 Nxg3 8.
hxg3 Bg7 9. Ne3 c5 10. c3 cxd4 11. Nf5 Kf8 12. Nxg7 Kxg7 13. cxd4 Nf6 14. Qa4
Bd7 15. Qb4 Rc8 16. Qxb7 Qa5+ 17. b4 Qa3 18. Rd1 Rc1 19. e3 Rxd1+ 20. Kxd1 Ba4+
21. Ke2 Qc1 22. Nd2 Bd1+ 23. Ke1 Bf3# 0-1

[Event "AUTO-INT-1886"]
[Site "http://www.queenalice.com/game.php?id=865686"]
[Date "2010.11.30"]
[Round "1"]
[White "dayankm"]
[Black "Deca10"]
[Result "0-1"]
[WhiteElo "1715"]
[BlackElo "1664"]

1. d4 d5 2. Nf3 Bg4 3. Ne5 Bh5 4. g4 Bg6 5. e3 f6 6. Nxg6 hxg6 7. c4 c6 8. Nc3
e6 9. Qb3 Qc7 10. cxd5 exd5 11. Bd3 Ne7 12. h3 Nd7 13. Qa4 f5 0-1

[Event "AUTO-INT-1886"]
[Site "http://www.queenalice.com/game.php?id=865687"]
[Date "2010.11.30"]
[Round "1"]
[White "Deca10"]
[Black "dayankm"]
[Result "1-0"]
[WhiteElo "1644"]
[BlackElo "1735"]

1. e4 Nf6 2. e5 Nd5 3. d4 Nc6 4. c4 Nb6 5. Nf3 d6 6. exd6 cxd6 7. Be2 Bg4 8. O-O
Bxf3 9. Bxf3 Nxc4 10. Qa4 d5 11. Nd2 e6 12. Nxc4 dxc4 13. Bxc6+ bxc6 14. Qxc6+
Ke7 15. Qxc4 1-0

[Event "AUTO-INT-1886"]
[Site "http://www.queenalice.com/game.php?id=865688"]
[Date "2010.11.30"]
[Round "1"]
[White "dayankm"]
[Black "carito30236"]
[Result "0-1"]
[WhiteElo "1757"]
[BlackElo "1607"]

1. d4 d5 2. Nf3 c5 3. dxc5 Qa5+ 4. Nc3 Nc6 5. Qxd5 Be6 6. Qg5 Nb4 7. Nd4 h6 8.
Qh4 O-O-O 9. Kd1 Bf5 10. Bd2 e6 11. Nxf5 exf5 12. Qf4 Qxc5 13. a3 Rd4 14. axb4
Rxb4 15. e4 Bd6 16. Qxf5+ Qxf5 17. exf5 Rxb2 18. Na4 Rb4 19. Bxb4 Bxb4 20. Rb1
a5 21. c3 Bd6 22. Rb5 Ne7 23. Rxa5 Rd8 24. Kc2 Nc6 25. Nb6+ Kc7 26. Rb5 f6 27.
Nc4 Re8 28. Bd3 g5 0-1

[Event "AUTO-INT-1886"]
[Site "http://www.queenalice.com/game.php?id=865689"]
[Date "2010.11.30"]
[Round "1"]
[White "carito30236"]
[Black "dayankm"]
[Result "0-1"]
[WhiteElo "1604"]
[BlackElo "1788"]

1. d4 Nf6 2. c4 e6 3. Nf3 c5 4. Bg5 cxd4 5. Ne5 Qa5+ 6. Qd2 Bb4 7. Nc3 dxc3 8.
Qc2 cxb2+ 9. Kd1 bxa1=Q+ 10. Bc1 Q5xe5 11. e3 Ba3 12. h4 Qeb2 13. Qxb2 Bxb2 14.
Ke2 Qxc1 15. Kf3 Qd1+ 16. Kg3 Ne4+ 17. Kh3 Nxf2+ 18. Kh2 Ng4+ 19. Kh3 Be5 20. g3
Qf3 21. Rg1 Nf2+ 22. Kh2 Bxg3+ 23. Rxg3 Qh1# 0-1

[Event "AUTO-OPEN-2182"]
[Site "http://www.queenalice.com/game.php?id=865854"]
[Date "2010.11.30"]
[Round "1"]
[White "dayankm"]
[Black "leduar"]
[Result "1-0"]
[WhiteElo "1856"]
[BlackElo "1958"]

1. d4 Nf6 2. Nf3 g6 3. Nc3 Bg7 4. e4 d6 5. h3 O-O 6. Be2 Re8 7. O-O e5 8. dxe5
dxe5 9. Qxd8 Rxd8 10. Bc4 h6 11. Nxe5 Nd5 12. Nxf7 Kxf7 13. Nxd5 1-0

[Event "AUTO-OPEN-2182"]
[Site "http://www.queenalice.com/game.php?id=865855"]
[Date "2010.11.30"]
[Round "1"]
[White "leduar"]
[Black "dayankm"]
[Result "0-1"]
[WhiteElo "2024"]
[BlackElo "1804"]

1. e4 Nf6 2. Nc3 Nc6 3. d4 d5 4. e5 Ng8 5. Bb5 g6 6. Qf3 e6 7. Nh3 Be7 8. O-O
Bd7 9. Bxc6 Bxc6 10. a3 b6 11. b4 Kf8 12. Ne2 Bb5 13. Re1 c5 14. c3 Bd7 15. Qf4
a5 16. Ng5 Bxg5 17. Qxg5 Qxg5 18. Bxg5 h6 19. Be3 c4 20. Reb1 Ne7 21. bxa5 b5
22. a4 bxa4 23. Rb2 Be8 24. Bc1 Rh7 25. Rb7 Nc6 26. Ba3+ Kg8 27. Bb4 Nxa5 28.
Bxa5 Rxa5 29. Ra3 Rb5 30. Rxb5 Bxb5 31. h4 g5 32. h5 f6 33. f4 f5 34. g3 Be8 35.
Nc1 gxf4 36. gxf4 Rb7 37. Ra1 Kh7 38. Na2 Rg7+ 39. Kf2 Rg4 40. Ke3 Bxh5 41. Nb4
Rg3+ 42. Kd2 Rg2+ 43. Kc1 Be8 44. Nc2 Rf2 0-1

[Event "AUTO-OPEN-2182"]
[Site "http://www.queenalice.com/game.php?id=865857"]
[Date "2010.11.30"]
[Round "1"]
[White "Deton4dor"]
[Black "dayankm"]
[Result "0-1"]
[WhiteElo "1069"]
[BlackElo "1788"]

1. d4 Nf6 2. Qd2 Ne4 3. Qd1 e6 4. g4 Qh4 5. Qd2 Qxf2+ 6. Kd1 Qxf1+ 7. Qe1 Nf2+
8. Kd2 Qg2 9. Qd1 Nxd1 10. Kd3 Qxh1 0-1

[Event "AUTO-OPEN-2182"]
[Site "http://www.queenalice.com/game.php?id=865858"]
[Date "2010.11.30"]
[Round "1"]
[White "dayankm"]
[Black "vcc1982"]
[Result "0-1"]
[WhiteElo "1905"]
[BlackElo "1515"]

1. d4 d5 2. Nf3 Nf6 3. Nc3 e6 4. e3 c5 5. Ne5 Bd6 6. Bb5+ Nbd7 7. g3 O-O 8. Nxd7
Bxd7 9. dxc5 Bxc5 10. Bxd7 Nxd7 11. O-O Ne5 12. a3 Qf6 13. e4 Rad8 14. exd5 exd5
15. Bf4 d4 16. Na4 Be7 17. Qh5 Ng6 18. Qa5 Nxf4 19. gxf4 Qxf4 20. Rfd1 d3 21.
Rxd3 Rxd3 22. cxd3 Bd6 23. Qd5 Qxh2+ 24. Kf1 Qh3+ 25. Ke2 Re8+ 26. Kd2 Bf4+ 27.
Kc2 Qc8+ 28. Kb1 Re1+ 29. Ka2 Qe6 30. Qc4 Rxa1+ 31. Kxa1 Qxc4 32. dxc4 h5 33.
Nc3 h4 34. f3 f5 35. Nd1 h3 36. Nf2 h2 37. b4 g5 38. b5 g4 39. fxg4 fxg4 40. b6
axb6 41. Nd3 h1=Q+ 42. Ka2 Qe4 43. Nxf4 Qxf4 44. c5 Qf3 45. c6 bxc6 46. a4 g3
0-1

[Event "AUTO-OPEN-2182"]
[Site "http://www.queenalice.com/game.php?id=865859"]
[Date "2010.11.30"]
[Round "1"]
[White "vcc1982"]
[Black "dayankm"]
[Result "1-0"]
[WhiteElo "1684"]
[BlackElo "1843"]

1. e4 Nf6 2. e5 Nd5 3. d4 Nc6 4. Nf3 e6 5. Bc4 Nb6 6. Bb3 Be7 7. O-O Na5 8. Nbd2
O-O 9. c4 Nxb3 10. Qxb3 c5 11. d5 d6 12. exd6 Bxd6 13. Ne4 exd5 14. cxd5 Be7 15.
d6 Bxd6 16. Rd1 c4 17. Qc2 Bf5 18. Bf4 Bxe4 19. Qxe4 Qe7 20. Qxe7 Bxe7 21. a4
Bf6 22. a5 Nc8 23. Be5 Bxe5 24. Nxe5 b5 25. Rd7 a6 26. Nc6 h6 27. Rad1 Kh7 28.
Rc7 f6 29. Rdd7 Rg8 30. Nd4 c3 31. bxc3 Rb8 32. Ne6 Kh8 33. Rxg7 Rxg7 34. Rxg7
b4 35. cxb4 Rxb4 36. f3 Rb1+ 37. Kf2 Rb2+ 38. Kg3 Re2 39. Rc7 Nd6 40. Nf4 Ra2
41. Rc5 Kg7 42. Rc6 Nf5+ 43. Kh3 Rxa5 44. Nh5+ Kg8 45. Rxf6 Ng7 46. Nxg7 Kxg7
47. Re6 Rh5+ 48. Kg3 Ra5 49. h3 h5 50. Kh4 Kh7 51. g4 hxg4 52. hxg4 Ra4 53. Kg3
a5 54. g5 Ra1 55. f4 Kg8 56. Re7 Kf8 57. Ra7 a4 58. Kg4 Rg1+ 59. Kf5 Rb1 60.
Rxa4 Ke7 61. Ra7+ 1-0

[Event "Bom jogo!"]
[Site "http://www.queenalice.com/game.php?id=866956"]
[Date "2010.12.3"]
[Round "-"]
[White "ATeixeira"]
[Black "dayankm"]
[Result "1-0"]
[WhiteElo "2049"]
[BlackElo "1791"]

1. e4 Nf6 2. d3 e5 3. f4 exf4 4. Bxf4 Nc6 5. Nf3 d5 6. exd5 Bb4+ 7. c3 Nxd5 8.
Bg5 Be7 9. Bd2 Bg4 10. Be2 O-O 11. O-O Qd6 12. Na3 Qg6 13. d4 Bh3 14. Rf2 Bxa3
15. bxa3 Be6 16. c4 Rae8 17. cxd5 Bxd5 18. Bc3 Be4 19. Ne5 Nxe5 20. dxe5 Rc8 21.
Bh5 Qg5 22. Qd4 Bc6 23. Bf3 Bxf3 24. Rxf3 b6 25. Rg3 Qe7 26. Rf1 Rcd8 27. Qg4 g6
28. Rh3 Qc5+ 29. Kh1 Rde8 30. e6 Rxe6 31. Bb4 Qb5 32. Rg1 c5 33. Bc3 Qe2 34. Qh4
h5 35. Qg5 Kh7 36. a4 f6 37. Qg3 Rf7 38. Re1 Qxe1+ 39. Bxe1 Rd7 40. Kg1 Rd1 41.
Kf1 Kg7 42. Qc3 Rexe1+ 43. Qxe1 Rxe1+ 44. Kxe1 Kf7 45. Rb3 Ke7 46. a5 g5 47.
axb6 axb6 48. Rxb6 h4 49. a4 g4 50. a5 g3 51. hxg3 h3 52. gxh3 Kd8 53. a6 Kc7
54. Rb1 1-0

[Event "Boa Partida!"]
[Site "http://www.queenalice.com/game.php?id=866957"]
[Date "2010.12.3"]
[Round "-"]
[White "dayankm"]
[Black "ATeixeira"]
[Result "0-1"]
[WhiteElo "1798"]
[BlackElo "2043"]

1. Nc3 Nf6 2. e4 d5 3. exd5 Nxd5 4. Nxd5 Qxd5 5. d4 Nc6 6. Ne2 Bg4 7. f3 Bh5 8.
Qd2 O-O-O 9. c4 Qd7 10. d5 Ne5 11. Ng3 Bg6 12. Qd4 Nc6 13. Qd2 Nb8 14. Qa5 e6
15. Bg5 f6 16. Bf4 Na6 17. O-O-O Bb4 18. Qb5 c6 19. Qa4 cxd5 20. Qxd7+ Rxd7 21.
Be3 Ba5 22. a3 dxc4 23. Rxd7 Kxd7 24. Bxa7 b6 25. Bxc4 Rc8 26. Rd1+ Ke7 27. Rd4
b5 28. b3 bxc4 29. Rxc4 Rxc4+ 30. bxc4 Kd6 31. Kb2 Nc5 32. h3 Kc6 33. Ne2 e5 34.
Nc1 Nd3+ 35. Nxd3 Bxd3 36. Kb3 Bf1 37. g4 Bxh3 38. Be3 e4 39. fxe4 Bxg4 40. Bd4
h5 41. e5 fxe5 42. Bxe5 g6 43. Bd4 h4 44. Bg1 h3 45. a4 Bc7 46. Kc3 h2 47. Bxh2
Bxh2 48. Kb4 Bf4 49. Kb3 Bf5 50. Kc3 g5 51. a5 g4 52. a6 g3 53. c5 g2 0-1

[Event "Treino #3"]
[Site "http://www.queenalice.com/game.php?id=867448"]
[Date "2010.12.4"]
[Round "-"]
[White "Vinicius92"]
[Black "dayankm"]
[Result "1-0"]
[WhiteElo "1839"]
[BlackElo "1817"]

1. e4 Nf6 2. Nc3 Nc6 3. d4 d6 4. h3 e6 5. Nf3 Be7 6. Bg5 O-O 7. Qd2 Bd7 8. O-O-O
h6 9. Bxh6 gxh6 10. Qxh6 Nh7 11. h4 Rb8 12. e5 Nb4 13. Kb1 Re8 14. a3 Nc6 15.
Bd3 Nf8 16. Ng5 Nxe5 17. dxe5 Bxg5 18. hxg5 Qxg5 19. Qh8# 1-0

[Event "Treino #4"]
[Site "http://www.queenalice.com/game.php?id=867449"]
[Date "2010.12.4"]
[Round "-"]
[White "dayankm"]
[Black "Vinicius92"]
[Result "0-1"]
[WhiteElo "1769"]
[BlackElo "1877"]

1. Nc3 d5 2. e4 d4 3. Na4 e5 4. Qh5 Qf6 5. Bc4 g6 6. Qf3 a6 7. a3 b5 8. Bd5 Ra7
9. Bb3 Be6 10. Bxe6 Qxe6 11. Nc3 dxc3 12. Qxc3 Qg4 13. Qxe5+ Ne7 14. Ne2 Rg8 15.
Rg1 Nd7 16. Qd4 c5 17. Qe3 Rc7 18. h3 Qe6 19. a4 b4 20. b3 a5 21. Bb2 c4 22. Nf4
Qd6 23. e5 Qc6 24. e6 fxe6 25. Nxe6 Rc8 26. Nxf8 Nxf8 27. bxc4 Qxc4 28. Bf6 Ne6
29. Rd1 Kf7 30. Bxe7 Rge8 31. Rc1 Rxe7 0-1

[Event "Jogo 3"]
[Site "http://www.queenalice.com/game.php?id=868258"]
[Date "2010.12.6"]
[Round "-"]
[White "Lintz"]
[Black "dayankm"]
[Result "0-1"]
[WhiteElo "1731"]
[BlackElo "1781"]

1. e4 Nf6 2. Nc3 d5 3. exd5 Nxd5 4. Nxd5 Qxd5 5. d4 e5 6. c3 exd4 7. b3 Qe6+ 8.
Qe2 dxc3 9. Qxe6+ Bxe6 10. Bd3 Bd5 11. f3 Nc6 12. Bb5 O-O-O 13. Ne2 c2 14. O-O
Re8 15. Nd4 Bc5 16. Bb2 Nxd4 17. Bxe8 Nxf3+ 18. Kh1 Nh4 19. Rg1 Rxe8 0-1

[Event "Jogo 4"]
[Site "http://www.queenalice.com/game.php?id=868259"]
[Date "2010.12.6"]
[Round "-"]
[White "dayankm"]
[Black "Lintz"]
[Result "0-1"]
[WhiteElo "1787"]
[BlackElo "1738"]

1. d4 c6 2. Nc3 d5 3. Nf3 h6 4. g3 e6 5. Bh3 Bb4 6. O-O Nf6 7. Ne5 Bxc3 8. bxc3
Nbd7 9. Nxd7 Bxd7 10. Ba3 Qa5 11. Bb4 Qc7 12. Qd3 b5 13. a4 bxa4 14. Ra3 e5 15.
Bxd7+ Qxd7 16. dxe5 Ne4 17. f3 Ng5 18. Bd6 f6 19. Qg6+ Qf7 20. Qf5 fxe5 21.
Qxe5+ Kd7 22. Bb4 Qf6 23. Qxf6 gxf6 24. Rxa4 Ne6 25. Rfa1 c5 26. Rxa7+ Rxa7 27.
Rxa7+ Kd6 0-1